[Event "Barcelona Primavera La Lira op 10th"]
[Site "Barcelona"]
[Date "2017.05.18"]
[Round "5"]
[White "Cabrera Marmol, Manel"]
[Black "De la Plaza Gras, Jordi"]
[Result "0-1"]
[WhiteElo "1836"]
[BlackElo "1978"]
[PlyCount "84"]
[EventDate "2017.04.20"]
[EventType "swiss"]
[EventRounds "9"]
[EventCountry "ESP"]
[SourceTitle "EXT 2018"]
[Source "ChessBase"]
[SourceDate "2017.10.13"]
[SourceVersion "1"]
[SourceVersionDate "2017.10.13"]
[SourceQuality "1"]

1. e4 c5 2. d4 cxd4 3. c3 dxc3 4. Nxc3 Nc6 5. Nf3 e6 6. Bc4 a6 7. 0-0 b5 8. Bb3 Bb7 9. Qe2 Nge7 10. Bg5 f6 11. Be3 Na5 12. Nd4 Nxb3 13. Nxb3 Ng6 14. Rfd1 Rc8 15. f4 Bb4 16. f5 exf5 17. Nd5 Bxd5 18. Rxd5 0-0 19. Rad1 Rf7 20. a3 Bf8 21. exf5 Ne5 22. Nc5 Bxc5 23. Bxc5 Qc7 24. b4 Nc4 25. Qh5 Rd8 26. R1d4 d6 27. Rd3 Qe7 28. Bf2 Qe8 29. Rh3 h6 30. Qd1 Re7 31. Rhd3 Nb2 32. Qd2 Nxd3 33. Rxd3 Re2 34. Qd1 Kh8 35. h3 Qe7 36. Bg3 Qe4 37. Rf3 d5 38. Qf1 d4 39. Kh2 d3 40. Rf4 Qe7 41. Bf2 d2 42. Qd1 Re1 0-1

[Event "Barcelona Primavera La Lira op 10th"]
[Site "Barcelona"]
[Date "2017.05.11"]
[Round "4"]
[White "De la Plaza Gras, Jordi"]
[Black "Alcaraz Lopez, Francesco"]
[Result "1-0"]
[WhiteElo "1978"]
[BlackElo "1798"]
[PlyCount "69"]
[EventDate "2017.04.20"]
[EventType "swiss"]
[EventRounds "9"]
[EventCountry "ESP"]
[SourceTitle "EXT 2018"]
[Source "ChessBase"]
[SourceDate "2017.10.13"]
[SourceVersion "1"]
[SourceVersionDate "2017.10.13"]
[SourceQuality "1"]

1. d4 Nf6 2. Bf4 g6 3. Nc3 d6 4. e4 Bg7 5. Qd2 0-0 6. 0-0-0 a6 7. Bh6 b5 8. Bxg7 Kxg7 9. f3 Bb7 10. g4 Nbd7 11. h4 h5 12. gxh5 Nxh5 13. Nh3 Rc8 14. Rg1 e5 15. Ng5 exd4 16. Qxd4+ Qf6 17. Bh3 Qxd4 18. Rxd4 Rcd8 19. Ne2 Ne5 20. f4 Nc6 21. Rd2 Bc8 22. Bxc8 Rxc8 23. f5 Ne5 24. Nd4 Rce8 25. fxg6 Nxg6 26. Nf5+ Kg8 27. Rf2 f6 28. Ne6 Rxe6 29. Rxg6+ Kf7 30. Rh6 Rxe4 31. Rxh5 Ke6 32. Rh7 Re5 33. Re7+ Kd5 34. Rxc7 Rfe8 35. Rd2+ 1-0

[Event "Barcelona Primavera La Lira op 10th"]
[Site "Barcelona"]
[Date "2017.04.20"]
[Round "1"]
[White "De la Plaza Gras, Jordi"]
[Black "Romero Funieles, Rafael de Jesus"]
[Result "1-0"]
[WhiteElo "1978"]
[BlackElo "1704"]
[PlyCount "65"]
[EventDate "2017.04.20"]
[EventType "swiss"]
[EventRounds "9"]
[EventCountry "ESP"]
[SourceTitle "EXT 2018"]
[Source "ChessBase"]
[SourceDate "2017.10.13"]
[SourceVersion "1"]
[SourceVersionDate "2017.10.13"]
[SourceQuality "1"]

1. d4 e6 2. Bf4 Nf6 3. e3 Be7 4. Bd3 d5 5. Nd2 c5 6. c3 Nc6 7. Ngf3 cxd4 8. exd4 a6 9. Ne5 h6 10. 0-0 Bd7 11. Bg3 b5 12. a3 Na5 13. h3 Rc8 14. f4 Nc4 15. Ndxc4 dxc4 16. Bc2 0-0 17. Qf3 Be8 18. f5 Nd5 19. fxe6 fxe6 20. Qe4 Rxf1+ 21. Rxf1 Nf6 22. Qf3 Bh5 23. Qb7 b4 24. axb4 Nd5 25. Nc6 Qe8 26. Nxe7+ Nxe7 27. Qxa6 Nd5 28. Re1 Rc6 29. Qa5 Nf6 30. Ba4 Qg6 31. Qa8+ Kh7 32. Qxc6 Qxg3 33. Bc2+ 1-0

[Event "Barcelona Vila de Gracia op 9th"]
[Site "Barcelona"]
[Date "2015.11.06"]
[Round "6"]
[White "De la Plaza Gras, Jordi"]
[Black "Martorell Aguado, Joan"]
[Result "1/2-1/2"]
[WhiteElo "2149"]
[BlackElo "2310"]
[PlyCount "69"]
[EventDate "2015.10.02"]
[EventType "swiss"]
[EventRounds "9"]
[EventCountry "ESP"]
[SourceTitle "CBM 169 Extra"]
[Source "ChessBase"]
[SourceDate "2015.12.18"]
[SourceVersion "1"]
[SourceVersionDate "2015.12.18"]
[SourceQuality "1"]

1. f4 c5 2. Nf3 Nc6 3. b3 Qc7 4. e3 e5 5. fxe5 Nxe5 6. Bb2 Ng4 7. Bc4 N8f6 8. Nc3 a6 9. 0-0 Bd6 10. h3 Nh2 11. Nxh2 Bxh2+ 12. Kh1 Be5 13. d4 Bd6 14. Rxf6 gxf6 15. Qh5 Rf8 16. Nd5 Qc6 17. Nxf6+ Kd8 18. d5 Qc7 19. Nxh7 Re8 20. Bf6+ Be7 21. d6 Qxd6 22. Rd1 Qg3 23. Qxc5 Bxf6 24. Nxf6 Qxe3 25. Qxe3 Rxe3 26. Bxf7 Re2 27. Bg6 Re6 28. Rf1 a5 29. Bd3 a4 30. h4 Ra5 31. g4 b6 32. g5 Ke7 33. Kh2 Ba6 34. Bxa6 Rxa6 35. Rf2 1/2-1/2